00639nam a2200169 a 450000500170000000800410001702000180005805000230007610000220009924501120012126000470023330000220028050000260030252001000032865000200042865000210044820140412111229.0010426s19uu xx 00 eng d a0-06-024560-3 aTR(PS EbTo55 1998 aCurtis, Jamie Lee aToday I feel silly :b& other moods that make my day /cby Jamie Lee Curtis ; illustrated by Laura Cornell. a[s.l.] :bHarperCollins Publishers,c1998. a1v. (unp.) ; ill. a"Joanna Cotler books" aA child's emotions range from silliness to anger to excitement, coloring and changing each day. aEmotion-Fiction aStories in rhyme